Magyar statisztikai zsebkönyv 1987

Gespeichert in:
Bibliographische Detailangaben
Format: Buch
Sprache:Ungarisch
Veröffentlicht: Budapest Statisztikai Kiadó Vállalat 1988
Ausgabe:1. kiadás.
Tags: Tag hinzufügen
Keine Tags, Fügen Sie das erste Tag hinzu!

MARC

LEADER 00000nam a2200000 4500
001 c028558
005 20221219131700.8
041 0 |a hun 
044 |a HU 
245 1 0 |a Magyar statisztikai zsebkönyv 1987 
250 |a 1. kiadás. 
264 1 |a Budapest  |b Statisztikai Kiadó Vállalat  |c 1988 
300 |a 253 s.